Statistics for Sherlock (BBC) Episodes

Click here to take the quiz!

General Stats

  • This quiz has been taken 61 times
    (45 since last reset)
  • The average score is 11 of 13

Answer Stats

EpisodeAnswer% Correct
Season 1 Episode 1A Study in Pink
100%
Season 2 Episode 2The Hounds of Baskerville
97%
Season 2 Episode 1A Scandal in Belgravia
89%
Season 2 Episode 3The Reichenbach Fall
89%
Season 1 Episode 3The Great Game
86%
Special Episode of Jan 2016The Abominable Bride
84%
Season 1 Episode 2The Blind Banker
84%
Season 3 Episode 1The Empty Hearse
81%
Season 4 Episode 3The Final Problem
81%
Season 3 Episode 3His Last Vow
78%
Season 3 Episode 2The Sign of Three
76%
Season 4 Episode 2The Lying Detective
70%
Season 4 Episode 1The Six Thatchers
62%

Score Distribution

Percentile by Number Answered

Percent of People with Each Score

Your Score History

You have not taken this quiz since the last reset